Tìm hiểu tình hình hoạt động của một số làng nghề thủ công truyền thống huyện Thăng Bình - tỉnh Quảng Nam gai đoạn 2005 - 2009. Ảnh hưởng đến sự phát triển kinh tế - xã hội và môi trường địa phương

Cơ sở lý luận chung. Tìm hiểu tình hình hoạt động của một số làng nghề thủ công truyền thống huyện Thăng Bình - tỉnh Quảng Nam gai đoạn 2005 - 2009. Ảnh hưởng đến sự phát triển kinh tế - xã hội và môi trường địa phương. Một số giải pháp phát triển làng nghề trong tương lai...

Descripció completa

Guardat en:
Dades bibliogràfiques
Autor principal: Lê, Văn Cương
Altres autors: Hoàng, Thị Diệu Huyền Th.S (Hướng dẫn)
Format: Llibre
Idioma:Vietnamese
Publicat: Đại học Đà Nẵng Trường đại học Sư Phạm 2010
Col·lecció:Khóa luận tốt nghiệp đại học. Chuyên ngành: Cử nhân Địa lý
Matèries:
Etiquetes: Afegir etiqueta
Sense etiquetes, Sigues el primer a etiquetar aquest registre!
Thư viện lưu trữ: Mạng thư viện Đại học Đà Nẵng
LEADER 01889nam a2200349 4500
001 000012009
003 8293
005 20120214160255.0
008 120214s2010 viesd
041 |a vie 
072 |a Khóa luận tốt nghiệp 
082 |a 709.59752  |b LE-C 
100 |a Lê, Văn Cương 
245 |a Tìm hiểu tình hình hoạt động của một số làng nghề thủ công truyền thống huyện Thăng Bình - tỉnh Quảng Nam gai đoạn 2005 - 2009. Ảnh hưởng đến sự phát triển kinh tế - xã hội và môi trường địa phương  |c Lê, Văn Cương 
260 |a Đại học Đà Nẵng  |b Trường đại học Sư Phạm  |c 2010 
300 |a 70 tr.  |b hình mhọa + biểu đồ  |c 29 cm 
490 |a Khóa luận tốt nghiệp đại học. Chuyên ngành: Cử nhân Địa lý 
500 |a Tham khảo cuối trang 
520 |a Cơ sở lý luận chung. Tìm hiểu tình hình hoạt động của một số làng nghề thủ công truyền thống huyện Thăng Bình - tỉnh Quảng Nam gai đoạn 2005 - 2009. Ảnh hưởng đến sự phát triển kinh tế - xã hội và môi trường địa phương. Một số giải pháp phát triển làng nghề trong tương lai 
653 |a Khóa luận tốt nghiệp đại học 
653 |a Khoa Địa lí 
700 |a Hoàng, Thị Diệu Huyền  |c Th.S  |e Hướng dẫn 
OWN |a LSP 
AVA |a UDN50  |b LSP  |d 709.59752 LE-C  |e available  |t Error 5001 Not defined in file expand_doc_bib_avail.  |f 1  |g 0  |h N  |i 0  |k 1 
999 |a From the UDN01 
AVA |a UDN50  |b LSP  |d 709.59752 LE-C  |e available  |t Error 5001 Not defined in file expand_doc_bib_avail.  |f 1  |g 0  |h N  |i 0  |k 1 
TYP |a Monograph 
TYP |a Printed language 
980 |a Mạng thư viện Đại học Đà Nẵng